Представление документа в формате RUSMARC

ПолеНазваниеЗначение
  Тип записи a
  Библиографический уровень a
001 Контрольный номер RU/УОНБ/EK_Kray/490372703
005 Дата корректировки 20240131004836.9
100 Данные общей обработки __
a Данные общей обработки 20150716d2015 ||| 0rusy0189 ca
101 Язык документа 0_
a Язык текста rus
102 Страна публикации __
a Страна публикации RU
105 Кодированные данные (монография) __
a Кодированные данные (монография) y###||||000|y
200 Заглавие и сведения об ответственности 1_
a Заглавие Танго спасает от смерти
e Сведения, относящиеся к заглавию беседа с гостем города, самым известным в мире танго-тичером М. Парадисо
f Первые сведения об ответственности Максимилиано Парадисо
g Последующие сведения об ответственности записал Артур Артемов
215 Физическое описание __
c Иллюстрации/тип воспроизводства 1 портр
330 Аннотация __
a Аннотация В Ульяновске побывал хореограф Ричарда Гира и Дженнифер Лопес - М. Парадисо. Он дал серию уроков и мастер-классов в ульяновской школе танцев U-Dance.
461 Уровень набора _0
1 2000
a Ульяновская правда
1 011
463 Уровень физической единицы _0
1 001RU/УОНБ/EK_Kray/490286157
1 2000
a 27 марта
v С. 15.
1 210
d 2015
600 Персоналии _1
a Персоналии (Фамилия) Парадисо, Максимилиано
610 Ключевые слова 0_
a Ключевые слова хореографы
610 Ключевые слова 0_
a Ключевые слова танго-тренинги
686 Индексы других классификаций __
a Классификационный индекс 66.583.2
2 Код системы rubbk
700 Автор _1
a Фамилия Парадисо
b Имя (инициалы) М.
g Полное личное имя Максимилиано
4 Код отношения 460
702 Вторичная интеллектуальная ответственность _1
a Фамилия Артемов
b Имя (инициалы) А.
g Полное личное имя Артур
4 Код отношения 470
801 Источник записи _0
a Страна RU
b Организация Ульяновская ОНБ
c Дата составления 20150716
g Правила каталогизации RCR
801 Источник записи _1
a Страна RU
b Организация Ульяновская ОНБ
c Дата составления 20150716
g Правила каталогизации RCR
901 Тип документа __
t Тип документа b
w Контрольный № источника RU/УОНБ/EK_Kray/490286157
909 Создатель записи __
a Создатель записи Морозова Н.А.
938 Служебная информация __
a Имя БД kraeved_work
b Имя библиотеки УОНБ
c Имя АИБС МАРК-SQL
d Номер DOC_ID в БД 113445